Les Groupes de Musique "The ___" à trouver - Statistiques

Statistiques générales
  • Ce quiz a été pris 143 fois
  • Le résultat moyen est 14 sur 30
Statistiques - réponses
Hint Réponse % Correct
All You Need Is Love // Let It Be // Yellow Submarine The Beatles
92%
Linger // Zombie // Ode to My Family The Cranberries
92%
Roxanne // Message in a Bottle // De Do Do Do, De Da Da Da The Police
88%
(I Can't Get No) Satisfaction // Paint It Black // Angie The Rolling Stones
87%
Seven Nation Army // Blue Orchid // Icky Thump The White Stripes
80%
London Calling // Should I Stay or Should I Go // Rock the Casbah The Clash
78%
California Dreamin' // Monday, Monday // I Saw Her Again The Mamas and the Papas
78%
Boys Don't Cry // Lullaby // Lovesong The Cure
77%
Surfin' U.S.A. // Kokomo // I Get Around The Beach Boys
76%
Bitter Sweet Symphony // The Drugs Don’t Work // History The Verve
67%
Self Esteem // Why Don't You Get a Job? // The Kids Aren't Alright The Offspring
55%
Baba O'Riley // Behind Blue Eyes // Won't Get Fooled Again The Who
53%
People Are Strange // Light My Fire // Love Her Madly The Doors
51%
Somebody Told Me // Mr. Brightside // When You Were Young The Killers
51%
Lovefool // My Favourite Game // Erase/Rewind The Cardigans
47%
You Really Got Me // Sunny Afternoon // Lola The Kinks
41%
Liquide // In the Shadows // Sail away The Rasmus
30%
Last Nite // The End Has No End // Juicebox The Strokes
30%
Nights In White Satin // The Story in Your Eyes // Your Wildest Dreams The Moody Blues
29%
1979 // Disarm // Cherub Rock The Smashing Pumpkins
29%
That's not my name // Great DJ // Shut up and let me go The Ting Tings
23%
Hand in Glove // How Soon Is Now? // Girlfriend in a Coma The Smiths
22%
Only When I Sleep // // Dreams (reprise de Fleetwood Mac) // Breathless The Corrs
19%
Voodoo People // Firestarter // Omen The Prodigy
18%
Walk Idiot Walk // Hate to Say I Told You So // Tick Tick Boom The Hives
17%
Go West // Rain // She Sells Sanctuary The Cult
14%
Days of Thunder // Los Angeles // Sunset The Midnight
9%
Winning // Sense of Purpose // New Dark Age The Sound
9%
I Guess You’re Right // Solar Sister // Dream All Day The Posies
7%
Fake Empire // Bloodbuzz Ohio // Anyone's Ghost The National
6%
Aucun quiz correspondant
Distribution des résultats
% des personnes avec chaque résultat
Percentile par nombre de réponses
Votre historique - résultats
Vous n’avez pas pris ce quiz